000 00769nam a2200265Ia 4500
003 OSt
005 20221005060232.0
006 a|||||r|||| 00| 0
007 ta
008 221004b |||||||| |||| 00| 0 eng d
020 _a9780415414623 (hbk)
_c5510.39
024 _a88931
037 _b11597, 29/01/2008, Overseas Press
_cTextual
040 _aCRL
_cCRL
_beng
041 _2eng
_aeng
082 _aW6, P7
100 _aBirch Anthony H.
245 0 _aConcepts and theories of modern democracy
250 _a3rd
260 _aLondon
_bRouteldge Taylor & Francis UK
_c2007
300 _a315p.
_ccm.
650 _aPOLITICAL SCIENCE
942 _hW6, P7
_cTEXL
_2cc
999 _c966387
_d966387